Statistics for Country Shapes in my Burger

Click here to take the quiz!

General Stats

  • This quiz has been taken 3,312 times
  • The average score is 11 of 18

Answers on the Map

Answers color-coded by a green-red scale on the quiz's map according to % correct below.
Loading ...
 

Answer Stats

Country% Correct
India
99%
Cyprus
90%
Sri Lanka
88%
Portugal
78%
Austria
76%
Taiwan
67%
Nicaragua
67%
Mongolia
65%
Bosnia and Herzegovina
63%
Tunisia
62%
Nepal
59%
Israel
51%
Togo
51%
Slovakia
49%
East Timor
43%
Fiji
38%
Belize
31%
Cape Verde
22%

Score Distribution

Percentile by Number Answered

Percent of People with Each Score

Your Score History

You have not taken this quiz